000 00422nam a2200157Ia 4500
008 230711s9999||||xx |||||||||||||| ||und||
041 _aENG
082 _a621
_bKO-E
100 _aKothari,C.R
245 0 _aTheory and problems of basic Electrical Engineering
250 _a1st . Ed.
260 _c2000
_aNew Delhi
_bPHI Learning Private Limited
650 _aElectrical Engineering
700 _aNagrath,I.J
942 _cBK
999 _c3856
_d3856